Famous People From Yorkshire, England, UK. By Picture - Statistics

General Stats
  • This quiz has been taken 81 times
  • The average score is 8 of 16
Answer Stats
Picture Answer % Correct
Ed Sheeran
94%
Judi Dench
84%
Emily Brontë
68%
Jeremy Clarkson
68%
Patrick Stewart
64%
Guy Fawkes
59%
Mel B
59%
Sean Bean
54%
Michael Palin
51%
Jessica Ennis-Hill
49%
Gareth Gates
26%
Dominic West
22%
Leigh Francis
22%
David Bradley
16%
Matthew Lewis
16%
Joseph Priestley
3%
No matching quizzes found
Score Distribution
Percent of People with Each Score
Percentile by Number Answered
Your Score History
You have not taken this quiz